Effect of different varieties on growth and yield bitter gourd at royal university of agriculture ឥទ្ធិពល នៃការប្រើប្រាស់ពូជខុសគ្នាទៅលើការលូតលាស់ និងទិន្នន័យផលដំណាំម្រះនៅ សាកលវិទ្យាល័យភូមិន្ទកសិកម្ម (Record no. 734)
[ view plain ]
| 000 -LEADER | |
|---|---|
| fixed length control field | 00751nam a22001577a 4500 |
| 003 - CONTROL NUMBER IDENTIFIER | |
| control field | OSt |
| 005 - DATE AND TIME OF LATEST TRANSACTION | |
| control field | 20150918142507.0 |
| 008 - FIXED-LENGTH DATA ELEMENTS--GENERAL INFORMATION | |
| fixed length control field | 150918b xxu||||| |||| 00| 0 eng d |
| 040 ## - CATALOGING SOURCE | |
| Transcribing agency | RUA |
| 082 ## - DEWEY DECIMAL CLASSIFICATION NUMBER | |
| Classification number | AGR SVA 2006 B034 Or.1 |
| 100 ## - MAIN ENTRY--PERSONAL NAME | |
| 9 (RLIN) | 765 |
| Personal name | SVAY, SINARONG. |
| 245 ## - TITLE STATEMENT | |
| Title | Effect of different varieties on growth and yield bitter gourd at royal university of agriculture ឥទ្ធិពល នៃការប្រើប្រាស់ពូជខុសគ្នាទៅលើការលូតលាស់ និងទិន្នន័យផលដំណាំម្រះនៅ សាកលវិទ្យាល័យភូមិន្ទកសិកម្ម |
| 260 ## - PUBLICATION, DISTRIBUTION, ETC. (IMPRINT) | |
| Place of publication, distribution, etc. | Phnom Penh |
| Name of publisher, distributor, etc. | RUA |
| Date of publication, distribution, etc. | 2006 |
| 300 ## - PHYSICAL DESCRIPTION | |
| Extent | 53p. |
| Other physical details | ill. |
| Dimensions | 29cm. |
| 942 ## - ADDED ENTRY ELEMENTS (KOHA) | |
| Source of classification or shelving scheme | |
| Koha item type | AGR |
| Price effective from | Date last seen | Permanent Location | Not for loan | Date acquired | Source of classification or shelving scheme | Koha item type | Lost status | Withdrawn status | Total Renewals | Date last checked out | Total Checkouts | Shelving location | Damaged status | Barcode | Current Location | Full call number |
|---|---|---|---|---|---|---|---|---|---|---|---|---|---|---|---|---|
| 2015-09-18 | 2019-09-02 | Library Block B | 2015-09-18 | AGR | 2019-08-30 | 4 | RUA007783 | Library Block B | AGR SVA 2006 B034 Or.1 | |||||||
| 2015-09-18 | 2023-06-12 | Library Block B | 2015-09-18 | AGR | 2 | 2023-05-24 | 6 | RUA007925 | Library Block B | AGR SVA 2006 B034 Or.2 | ||||||
| 2015-09-21 | 2015-09-21 | Library Block B | 2015-09-21 | AGR | RUA002465 | Library Block B | AGR SVA 2006 B034 Or.3 | |||||||||
| 2015-09-21 | 2025-09-10 | Library Block B | 2015-09-21 | AGR | 2025-08-16 | 7 | RUA002573 | Library Block B | AGR SVA 2006 B034 Or.4 | |||||||
| 2016-01-25 | 2025-07-25 | Library Block B | 2016-01-25 | AGR | 2025-07-22 | 4 | B034 | RUA042599 | Library Block B | AGR SVA 2006 B034 Or.5 |